000
00290nam a22001337a 4500
008
170821b xxu||||| |||| 00| 0 eng d
020
_a
9780136007036
041
_a
eng
080
_2
5TH
_a
51
100
_a
37
101
_a
MAT
245
_a
BEGININNING ALGEBRA
_c
GAY,E.M
942
_2
udc
_c
BK
999
_c
24393
_d
24393